Pensamiento y creación literaria de Sabino Ordás : (Record no. 70145)

MARC details
000 -LEADER
campo de control de longitud fija 00725nmm a2200217Ia 4500
008 - DATOS DE LONGITUD FIJA--INFORMACIÓN GENERAL
campo de control de longitud fija 251105s9999||||xx |||||||||||||||||und||
020 ## - NÚMERO INTERNACIONAL ESTÁNDAR DEL LIBRO
Número Internacional Estándar del Libro 9788498951950
041 ## - CÓDIGO DE IDIOMA
Código de lengua del texto/banda sonora o título independiente spa
100 ## - ENTRADA PRINCIPAL--NOMBRE DE PERSONA
Nombre de persona Pozuelo Yvancos, J. M.
245 #0 - MENCIÓN DEL TÍTULO
Título Pensamiento y creación literaria de Sabino Ordás :
Resto del título (J. Mª. Merino., J. M. Aparicio, L. Mateo Díez)
264 ## - PRODUCCIÓN, PUBLICACIÓN, DISTRIBUCIÓN, FABRICACIÓN Y COPYRIGHT
Producción, publicación, distribución, fabricación y copyright [Madrid, España] :
Nombre del de productor, editor, distribuidor, fabricante Visor Libros,
Fecha de producción, publicación, distribución, fabricación o copyright 2018
300 ## - DESCRIPCIÓN FÍSICA
Extensión 340 páginas
490 ## - MENCIÓN DE SERIE
Mención de serie Biblioteca Filológica Hispana
650 ## - PUNTO DE ACCESO ADICIONAL DE MATERIA--TÉRMINO DE MATERIA
Término de materia o nombre geográfico como elemento de entrada Spanish literature
700 ## - ENTRADA AGREGADA--NOMBRE PERSONAL
Nombre de persona Pozuelo Yvancos, J. M.
700 1# - ENTRADA AGREGADA--NOMBRE PERSONAL
Nombre de persona Pozuelo Yvancos, J. M.
700 1# - ENTRADA AGREGADA--NOMBRE PERSONAL
Nombre de persona Álvarez Méndez, N.
700 1# - ENTRADA AGREGADA--NOMBRE PERSONAL
Nombre de persona Álvarez Méndez, N.
856 ## - LOCALIZACIÓN Y ACCESO ELECTRÓNICOS
Identificador Uniforme de Recursos <a href="https://public.digitaliapublishing.com/a/77303">https://public.digitaliapublishing.com/a/77303</a>
942 ## - ELEMENTOS DE ENTRADA SECUNDARIOS (KOHA)
Tipo de ítem Koha Libro Digital

No items available.

Powered by Koha